[Event "Usti nad Labem Chlumecky Blitz op"]
[Site "Usti nad Labem"]
[Date "2024.05.05"]
[Round "15"]
[White "Bruna, Matous"]
[Black "Zeman, Lukas"]
[Result "1/2-1/2"]
[WhiteElo "1933"]
[BlackElo "1706"]
[PlyCount "66"]
[EventDate "2024.05.05"]
[EventType "swiss (blitz)"]
[EventRounds "15"]
[EventCountry "CZE"]
[SourceTitle "CBM 220 Extra"]
[Source "ChessBase"]
[SourceDate "2024.07.31"]
[SourceVersion "1"]
[SourceVersionDate "2024.07.31"]
[SourceQuality "1"]

1. e4 d5 2. exd5 Qxd5 3. Nc3 Qa5 4. b4 Qe5+ 5. Be2 Nc6 6. Nf3 Qd6 7. b5 Ne5 8. d4 Ng6 9. 0-0 Bf5 10. a4 Nf6 11. Ba3 Qd7 12. Bc4 e6 13. Bxf8 Nxf8 14. Ne5 Qd6 15. g4 Bg6 16. b6 axb6 17. Nb5 Qd8 18. Re1 N8d7 19. Qf3 0-0 20. c3 Nxe5 21. Rxe5 c6 22. Na3 Qd6 23. Nc2 b5 24. Bd3 bxa4 25. Nb4 Bxd3 26. Nxd3 b5 27. g5 Nd7 28. Re2 a3 29. Rea2 Nb6 30. Nc5 Nc4 31. Ne4 Qd5 32. Qg4 Qf5 33. Qh4 Qg6 1/2-1/2

[Event "Mlada Boleslav Region-ch U16"]
[Site "Mlada Boleslav"]
[Date "2017.06.25"]
[Round "7"]
[White "Zeman, Lukas"]
[Black "Pechanek, Krystof Jan"]
[Result "1-0"]
[WhiteElo "1395"]
[BlackElo "1219"]
[PlyCount "99"]
[EventDate "2017.06.24"]
[EventType "swiss"]
[EventRounds "7"]
[EventCountry "CZE"]
[SourceTitle "CBM 179 Extra"]
[Source "ChessBase"]
[SourceDate "2017.08.23"]
[SourceVersion "1"]
[SourceVersionDate "2017.08.23"]
[SourceQuality "1"]

1. e4 e5 2. Nf3 Nf6 3. Nxe5 Qe7 4. d4 d6 5. Nf3 Nxe4 6. Qe2 Nc6 7. Nbd2 Nxd2 8. Qxe7+ Bxe7 9. Bxd2 Bg4 10. d5 Bxf3 11. dxc6 Bxc6 12. 0-0-0 0-0 13. Rg1 Bf6 14. Re1 Rae8 15. f3 Rxe1+ 16. Bxe1 Re8 17. Bd2 h6 18. Bd3 Bd4 19. Re1 Rxe1+ 20. Bxe1 Be3+ 21. Kd1 Bd5 22. Bc3 Bxa2 23. b3 c5 24. Bd2 Bxd2 25. Kxd2 d5 26. Kc3 c4 27. bxc4 Bxc4 28. Bxc4 dxc4 29. Kxc4 Kf8 30. Kd5 Ke7 31. g3 a5 32. Kc4 Kd6 33. Kb5 Kd5 34. Kxa5 Kd4 35. Kb5 Ke3 36. f4 Kf3 37. c4 Kg2 38. Kb6 Kxh2 39. c5 Kxg3 40. Kxb7 h5 41. c6 h4 42. c7 h3 43. c8Q h2 44. Qc6 Kf2 45. Qh1 Kg3 46. f5 g6 47. fxg6 fxg6 48. Kc6 g5 49. Kd5 g4 50. Ke4 1-0

[Event "Mlada Boleslav Region-ch U16"]
[Site "Mlada Boleslav"]
[Date "2017.06.24"]
[Round "2"]
[White "Lang, David"]
[Black "Zeman, Lukas"]
[Result "1/2-1/2"]
[WhiteElo "1383"]
[BlackElo "1395"]
[PlyCount "62"]
[EventDate "2017.06.24"]
[EventType "swiss"]
[EventRounds "7"]
[EventCountry "CZE"]
[SourceTitle "CBM 179 Extra"]
[Source "ChessBase"]
[SourceDate "2017.08.23"]
[SourceVersion "1"]
[SourceVersionDate "2017.08.23"]
[SourceQuality "1"]

1. e4 e5 2. Nf3 Nc6 3. d4 exd4 4. Nxd4 Bc5 5. Be3 Qf6 6. c3 Nge7 7. Bc4 0-0 8. 0-0 b6 9. b4 Bxd4 10. Bxd4 Nxd4 11. cxd4 Nc6 12. a3 Qxd4 13. Qxd4 Nxd4 14. Nc3 Ne6 15. g3 Bb7 16. Bxe6 dxe6 17. e5 a6 18. Rfd1 Rfd8 19. f4 Kf8 20. Kf2 Ke7 21. Ke3 Rxd1 22. Rxd1 Rd8 23. Rxd8 Kxd8 24. Kd4 Kd7 25. Nd1 Kc6 26. Kc4 a5 27. bxa5 bxa5 28. Nc3 Ba6+ 29. Kd4 Bb5 30. Na2 Ba6 31. Nc3 Bb5 1/2-1/2

[Event "Teplice op 8th"]
[Site "Teplice"]
[Date "2013.06.22"]
[Round "8"]
[White "Zeman, Lukas"]
[Black "Kastl, Daniel"]
[Result "0-1"]
[WhiteElo "1250"]
[BlackElo "1761"]
[PlyCount "104"]
[EventDate "2013.06.15"]
[EventType "swiss"]
[EventRounds "9"]
[EventCountry "CZE"]
[SourceTitle "CBM 155 Extra"]
[Source "ChessBase"]
[SourceDate "2013.08.26"]
[SourceVersion "1"]
[SourceVersionDate "2013.08.26"]
[SourceQuality "1"]

1. e4 c6 2. d4 d5 3. Nc3 dxe4 4. Nxe4 Bf5 5. Nc3 e6 6. Nf3 Nd7 7. Bd3 Bxd3 8. Qxd3 Ngf6 9. Bg5 Qc7 10. 0-0-0 Bd6 11. h3 h6 12. Bxf6 Nxf6 13. Ne4 Nxe4 14. Qxe4 0-0-0 15. Rhe1 Qa5 16. Kb1 Qb6 17. Ne5 Bxe5 18. Qxe5 Rhg8 19. c3 Rd5 20. Qf4 Rf5 21. Qe3 Rd8 22. Qg3 Rdd5 23. f3 g5 24. h4 Rb5 25. Rd2 Qd8 26. hxg5 Rxg5 27. Qh4 Rh5 28. Qxd8+ Kxd8 29. Rde2 Ke7 30. Kc2 Rbg5 31. Kd1 Rd5 32. Re5 Kf6 33. Rxd5 Rxd5 34. Kd2 c5 35. Re4 cxd4 36. Rxd4 Rxd4+ 37. cxd4 Kf5 38. Ke3 h5 39. g3 f6 40. b3 b6 41. a3 a6 42. Kd3 b5 43. b4 Kg5 44. Ke4 h4 45. gxh4+ Kxh4 46. f4 Kg4 47. d5 exd5+ 48. Kxd5 Kxf4 49. Kc6 Ke5 50. Kb6 Kd5 51. Kxa6 Kc4 52. Kb6 f5 0-1

[Event "Teplice op 8th"]
[Site "Teplice"]
[Date "2013.06.21"]
[Round "7"]
[White "Sigurdsson, Jakob Saevar"]
[Black "Zeman, Lukas"]
[Result "1-0"]
[WhiteElo "1768"]
[BlackElo "1250"]
[PlyCount "63"]
[EventDate "2013.06.15"]
[EventType "swiss"]
[EventRounds "9"]
[EventCountry "CZE"]
[SourceTitle "CBM 155 Extra"]
[Source "ChessBase"]
[SourceDate "2013.08.26"]
[SourceVersion "1"]
[SourceVersionDate "2013.08.26"]
[SourceQuality "1"]

1. d4 d5 2. c4 Nf6 3. cxd5 Qxd5 4. Nc3 Qd8 5. f3 e6 6. Be3 Bb4 7. Qa4+ Nc6 8. Rc1 Bxc3+ 9. bxc3 Nd5 10. Bf2 0-0 11. e4 Nf6 12. Bd3 Bd7 13. Qc2 e5 14. Ne2 Re8 15. 0-0 exd4 16. cxd4 Nb4 17. Qc4 Nxd3 18. Qxd3 c6 19. Rb1 b6 20. a4 Qc7 21. Rfc1 Qb7 22. Nc3 Red8 23. Bh4 Re8 24. Bxf6 gxf6 25. d5 cxd5 26. Nxd5 Rec8 27. Nxf6+ Kg7 28. Nxd7 Rd8 29. Qd4+ Kg8 30. Nf6+ Kg7 31. Nh5+ Kf8 32. Qg7+ 1-0

[Event "Teplice op 8th"]
[Site "Teplice"]
[Date "2013.06.16"]
[Round "2"]
[White "Zeman, Lukas"]
[Black "Frijling, Jeroen"]
[Result "1/2-1/2"]
[WhiteElo "1250"]
[BlackElo "1826"]
[PlyCount "61"]
[EventDate "2013.06.15"]
[EventType "swiss"]
[EventRounds "9"]
[EventCountry "CZE"]
[SourceTitle "CBM 155 Extra"]
[Source "ChessBase"]
[SourceDate "2013.08.26"]
[SourceVersion "1"]
[SourceVersionDate "2013.08.26"]
[SourceQuality "1"]

1. e4 c5 2. Nf3 Nc6 3. d4 cxd4 4. Nxd4 e5 5. Nxc6 bxc6 6. Nc3 Bb4 7. Bd2 Nf6 8. Bd3 0-0 9. 0-0 d5 10. h3 d4 11. Ne2 Bxd2 12. Qxd2 Be6 13. c3 c5 14. Rfc1 c4 15. Bb1 d3 16. Ng3 Qd7 17. Qe3 Rfd8 18. Nf1 Rab8 19. b3 cxb3 20. axb3 Rxb3 21. Rxa7 Qc6 22. Bxd3 Qb6 23. Qxb6 Rxb6 24. Bc2 Rc6 25. Ra3 Rdc8 26. Bb1 Nd7 27. Ba2 Bxa2 28. Rxa2 Nc5 29. Ng3 Nd3 30. Rd1 Rxc3 31. Rad2 1/2-1/2